Súdne poplatky
Úplné znenie zákona č. 71/1992 Zb. o súdnych poplatkoch a poplatku za výpis z registra trestov. Sadzobník súdnych poplatkov.
Na minha lista:
| Autor principal: | |
|---|---|
| Formato: | Capítulo de Livro |
| Idioma: | eslovaco |
| Assuntos: | |
| Tags: |
Sem tags, seja o primeiro a adicionar uma tag!
|
MARC
| LEADER | 00000naa a2200000 4500 | ||
|---|---|---|---|
| 001 | r042186 | ||
| 005 | 20230919115818.5 | ||
| 041 | 0 | |a slo | |
| 044 | |a SK | ||
| 245 | 1 | 0 | |a Súdne poplatky |c Andrea Hlinčíková |
| 520 | |a Úplné znenie zákona č. 71/1992 Zb. o súdnych poplatkoch a poplatku za výpis z registra trestov. Sadzobník súdnych poplatkov. | ||
| 610 | 2 | 0 | |a poplatky |
| 610 | 2 | 0 | |a legislatíva |
| 610 | 2 | 0 | |a registre |
| 610 | 2 | 0 | |a podnikatelia |
| 610 | 2 | 0 | |a súdy |
| 610 | 2 | 0 | |a súdy registrové |
| 610 | 2 | 0 | |a zákony |
| 610 | 2 | 0 | |a Slovensko |
| 100 | 1 | |a Hlinčíková, Andrea | |